LEADER 00849nam a2200229 i 4500 001 000000171392 003 CaOOAMICUS 005 20230331125111.0 008 080429s1952 it u000 u fre u 040 $aSeMil$bita 100 1 $aPlanche, Henri.$0(OLS)http://semarc/name/64095 245 13$aLe problème de Gide /$cpar le Dr Henri Planche. 260 $aParis :$bP. Téqui,$c1952. 300 $a125 p. ;$c19 cm. 490 1 $aNotre monde 600 14$aGide, André <1869-1951>.$0(OLS)http://semarc/subject/13787 830 0$aNotre monde.$0(OLS)http://semarc/title/25642 850 $aSeMil 852 $aSeMil$W1$xVenegono$y1$m1R I 4$j239145$B122261$CSeMilBibl$Z2$F133609 $81 996 $6245$aLe problème de Gide$9(OLS)http://semarc/title/245181 996 $6260$aParis :$bP. Téqui$9(OLS)http://semarc/publisher/33769 LEADER 00828nam a2200205 4500 001 000000355694 003 CaOOAMICUS 005 20231012153837.0 008 231012s1919 it a 000 u ita r 040 $aSeMil$bita 100 1 $aZibordi, Giovanni.$0(OLS)http://semarc/name/36832 245 10$aOtto ore di lavoro, di riposo e di sonno /$cpagine di Giovanni Zibordi. 264 1$a[Milano] :$bComune di Milano,$c1919. 300 $a32 p. :$bill. ;$c24 cm 650 4$aOrario di lavoro.$0(OLS)http://semarc/subject/42357 850 $aSeMil 852 $aSeMil$W1$xVenegono$y1$m5B IV 6/10$j243891$B246935$CSeMilBibl$Z2$F246935 $81 996 $6245$aOtto ore di lavoro, di riposo e di sonno$9(OLS)http://semarc/title/445915 996 $6264$a[Milano] :$bComune di Milano$9(OLS)http://semarc/publisher/33024 LEADER 03220nam a2200373 i 4500 001 000000030844 003 CaOOAMICUS 005 20251201102102.0 008 180830s1727 it u000 u lat u 040 $aSeMil$bita 100 1 $aGassendi, Pierre,$d<1592-1655>.$0(OLS)http://semarc/name/14238 245 10$aPetri Gassendi diniensis ... Opera omnia in sex tomos divisa curante Nicolao Averanio advocato Florentino. 264 1$aFlorentiae :$btypis Regiae Celsitudinis : apud Joannem Cajetanum Tartini, & Sanctem Franchi,$c1727. 300 $a6 v. ;$cfol. 500 $aTesto su due colonne 500 $aFront. generale stampato in rosso e nero 500 $aNomi degli editori dai front. dei singoli vol. 500 $aVignette calcogr., disegnate da Giovanni Domenico Ferretti e incise da Cosimo Mogalli, sui front. 500 $aCors. ; gr. ; rom. 500 $aIniz., fregi xilogr. 700 1 $aAverani, Niccolò,$d.$0(OLS)http://semarc/name/14237 700 1 $aFerretti, Giovanni Domenico .$0(OLS)http://semarc/name/11442 700 1 $aMogalli, Cosimo .$0(OLS)http://semarc/name/14239 700 1 $aTartini, Giovanni Gaetano & Franchi, Santi,$c.$0(OLS)http://semarc/name/8052 710 2 $aStamperia reale$b.$0(OLS)http://semarc/name/8486 774 0 $tTomus 1. quo continentur syntagmatis philosophici in quo capita praecipua totius philosophiae edisseruntur, pars prima, sive Logica, itemque partis secundae, seu Physicae sectiones duae priores 1. De rebus naturæ universe. 2. De rebus coelestibus.$g1$w()69160 774 0 $tTomus 2. quo continentur syntagmatis philosophici partis secundae, seu Phisicae sectionis tertiae membra duo 1. De rebus terrenis inanimis. 2. De rebus terrenis viventibus, seu de animalibus. Adjecta est pars tertia, quae est Ethica, sive De moribus. Cum indicibus necessariis.$g2$w()235129 774 0 $tOpuscula philosophica videlicet 1. Philosophiae Epicuri syntagma. 2. Exercitationes paradoxicae adversus Aristoteleos. 3. Fluddanæ philosophiæ examen ... Tomus 3. cum indicibus necessariis.$g3$w()235128 774 0 $tAstronomica videlicet 1. Institutio astronomica cum oratione inaugurali. 2. Observationes coelestes. 3. Mercurius in Sole visus, & Venus invisa ... Tomus 4. cum indicibus necessariis.$g4$w()235132 774 0 $tMiscellanea; videlicet 1. Diogenis Laertii liber 10. cum nova interpretatione, & notis. 2. Vita Epicuri, Peireskii, Tychonis Brahei ... 3. Abacus sestertialis, seu de valore antiquae monetae ad nostram redactae ... Tomus 5. cum indicibus necessariis.$g5$w()235130 774 0 $tEpistolae, quibus accesserunt clarissimorum quorumdam ad ipsum epistolae, et responsa. In quibus humaniorum, philosophicarum, & matematicarum rerum complura luculenter admodum enucleantur, atque explicantur. Tomus 6. cum indicibus necessariis.$g6$w()235131 996 $6245$aPetri Gassendi diniensis ... Opera omnia in sex tomos divisa curante Nicolao Averanio advocato Florentino$9(OLS)http://semarc/title/41972 996 $6264$aFlorentiae :$btypis Regiae Celsitudinis : apud Joannem Cajetanum Tartini, & Sanctem Franchi$9(OLS)http://semarc/publisher/38684